<?xml version="1.0" encoding="UTF-8"?>
<record
    xmlns:xsi="http://www.w3.org/2001/XMLSchema-instance"
    xsi:schemaLocation="http://www.loc.gov/MARC21/slim http://www.loc.gov/standards/marcxml/schema/MARC21slim.xsd"
    xmlns="http://www.loc.gov/MARC21/slim">

  <leader>01182nam a2200265 a 4500</leader>
  <controlfield tag="001">1572</controlfield>
  <controlfield tag="003">BR-CuiBMT</controlfield>
  <controlfield tag="005">20231215220651.0</controlfield>
  <controlfield tag="008">231215s2016    mtba          000 0 por d</controlfield>
  <datafield tag="020" ind1=" " ind2=" ">
    <subfield code="a">9788579920912</subfield>
  </datafield>
  <datafield tag="040" ind1=" " ind2=" ">
    <subfield code="a">BR-CuiBMT</subfield>
    <subfield code="c">BR-CuiBMT</subfield>
  </datafield>
  <datafield tag="080" ind1=" " ind2=" ">
    <subfield code="2">2007</subfield>
    <subfield code="a">73</subfield>
  </datafield>
  <datafield tag="090" ind1=" " ind2=" ">
    <subfield code="a">73</subfield>
    <subfield code="b">D152</subfield>
  </datafield>
  <datafield tag="245" ind1="1" ind2=" ">
    <subfield code="a">Dalva de Barros 80 anos / </subfield>
    <subfield code="c">[Adir Sodr&#xE9; ... et al., artistas convidados ; Gervane de Paula, curadoria].</subfield>
  </datafield>
  <datafield tag="246" ind1=" " ind2=" ">
    <subfield code="a">Dalva de Barros, oitenta anos.</subfield>
  </datafield>
  <datafield tag="260" ind1=" " ind2=" ">
    <subfield code="a">Cuiab&#xE1; :</subfield>
    <subfield code="b">Entrelinhas,</subfield>
    <subfield code="c">2016.</subfield>
  </datafield>
  <datafield tag="300" ind1=" " ind2=" ">
    <subfield code="a">61 p. :</subfield>
    <subfield code="b">principalmente  il. color. ;</subfield>
    <subfield code="c">23 cm</subfield>
  </datafield>
  <datafield tag="500" ind1=" " ind2=" ">
    <subfield code="a">Cat&#xE1;logo da exposi&#xE7;&#xE3;o realizada em Cuiab&#xE1;, Galeria de Arte Lava P&#xE9;s, de 29 de outubro de 2015 a 30 de mar&#xE7;o de 2016; em Rondon&#xF3;polis - MT, Espa&#xE7;o Cultural Casario, de 20 de abril a 7 de maio de 2016 e em Primavera do Leste - MT, Secretaria Municipal de Cultura, de 12 de maio a 4 de junho de 2016.</subfield>
  </datafield>
  <datafield tag="600" ind1=" " ind2=" ">
    <subfield code="a">Barros, Dalva de,</subfield>
    <subfield code="d">1935-</subfield>
    <subfield code="x">exposi&#xE7;&#xF5;es</subfield>
  </datafield>
  <datafield tag="650" ind1=" " ind2=" ">
    <subfield code="a">Pintura brasileira</subfield>
    <subfield code="x">exposi&#xE7;&#xF5;es</subfield>
    <subfield code="y">s&#xE9;c. XX</subfield>
  </datafield>
  <datafield tag="650" ind1=" " ind2=" ">
    <subfield code="a">Pintura brasileira</subfield>
    <subfield code="x">exposi&#xE7;&#xF5;es</subfield>
    <subfield code="y">s&#xE9;c. XXI </subfield>
  </datafield>
  <datafield tag="700" ind1=" " ind2=" ">
    <subfield code="a">Sodr&#xE9;, Adir.</subfield>
    <subfield code="4">...et al.</subfield>
  </datafield>
  <datafield tag="700" ind1=" " ind2=" ">
    <subfield code="4">curadoria</subfield>
    <subfield code="a">Paula, Gervane de,</subfield>
    <subfield code="d">1962-</subfield>
  </datafield>
  <datafield tag="942" ind1=" " ind2=" ">
    <subfield code="2">udc</subfield>
    <subfield code="c">LV</subfield>
  </datafield>
  <datafield tag="952" ind1=" " ind2=" ">
    <subfield code="0">0</subfield>
    <subfield code="1">0</subfield>
    <subfield code="2">udc</subfield>
    <subfield code="4">0</subfield>
    <subfield code="7">0</subfield>
    <subfield code="a">BIBTCEMT</subfield>
    <subfield code="b">BIBTCEMT</subfield>
    <subfield code="d">2023-12-15</subfield>
    <subfield code="l">0</subfield>
    <subfield code="o">73 D152</subfield>
    <subfield code="p">BIBTCEMT23120603</subfield>
    <subfield code="r">2023-12-15</subfield>
    <subfield code="t">Ex. 1</subfield>
    <subfield code="w">2023-12-15</subfield>
    <subfield code="y">LV</subfield>
  </datafield>
  <datafield tag="999" ind1=" " ind2=" ">
    <subfield code="c">1572</subfield>
    <subfield code="d">1572</subfield>
  </datafield>
</record>
